[Event "Polva op 29th"]
[Site "Polva"]
[Date "2008.08.17"]
[Round "7"]
[White "Komlev, Heino"]
[Black "Tobre, Andres"]
[Result "1/2-1/2"]
[WhiteElo "1792"]
[BlackElo "1717"]
[PlyCount "21"]
[EventDate "2008.08.15"]
[EventType "swiss"]
[EventRounds "7"]
[EventCountry "EST"]
[SourceTitle "EXT 2009"]
[Source "ChessBase"]
[SourceDate "2008.11.26"]
[SourceVersion "1"]
[SourceVersionDate "2008.11.26"]
[SourceQuality "1"]

1. d4 Nf6 2. c4 g6 3. Nc3 d5 4. e3 Bg7 5. Nf3 0-0 6. Bd3 c6 7. Ne5 Nbd7 8. cxd5 Nxe5 9. dxe5 Nxd5 10. 0-0 Nxc3 11. bxc3 1/2-1/2